000 00691nam a2200241Ia 4500
003 OSt
005 20220923213952.0
006 a|||||r|||| 00| 0
007 ta
008 220922b |||||||| |||| 00| 0 hin d
024 _a165,986
037 _cTextual
040 _aARTS
_cARTS
_bhin
041 _2hin
_ahin
082 _aO152,1N01x, K4
100 _aपंत, सुमित्रा नन्दन
245 0 _aयुगपथ
246 _aYugapatha
260 _c1964
650 _aहिन्दी साहित्य
_9156264
942 _hO152,1N01x, K4
_cTEXL
_2CC
999 _c320465
_d320465